The Moot court formular : (Record no. 9543)

MARC details
000 -LEADER
fixed length control field 00785nam a22002292 4500
001 - CONTROL NUMBER
control field 0000020903
005 - DATE AND TIME OF LATEST TRANSACTION
control field 20151217152224.0
008 - FIXED-LENGTH DATA ELEMENTS--GENERAL INFORMATION
fixed length control field 111101s xx 000 0 eng d
020 ## - INTERNATIONAL STANDARD BOOK NUMBER
International Standard Book Number 996670342x :
040 ## - CATALOGING SOURCE
Original cataloging agency KABU
Transcribing agency KABU
100 1# - MAIN ENTRY--PERSONAL NAME
Personal name Elisha, Ongoya Z.
-- 0000181570
245 14 - TITLE STATEMENT
Title The Moot court formular :
Remainder of title a collection of experiences of veteran moot court participants, sample memorials and what the judges want /
Statement of responsibility, etc. Ongoya Z. Elisha and Eunice W Kiumi.
250 ## - EDITION STATEMENT
Edition statement 1st ed.
260 ## - PUBLICATION, DISTRIBUTION, ETC. (IMPRINT)
Place of publication, distribution, etc. Nairobi :
Name of publisher, distributor, etc. LawAfrica,
Date of publication, distribution, etc. 2009.
300 ## - PHYSICAL DESCRIPTION
Extent xl, 209 p.
650 #0 - SUBJECT ADDED ENTRY--TOPICAL TERM
Topical term or geographic name as entry element Law
General subdivision Study and teaching.
-- 0000181571
650 #0 - SUBJECT ADDED ENTRY--TOPICAL TERM
Topical term or geographic name as entry element Moot courts.
-- 0000181572
700 1# - ADDED ENTRY--PERSONAL NAME
Personal name Kiumi, Eunice W.
-- 0000181573
908 ## - PUT COMMAND PARAMETER (RLIN)
Put command parameter 111101
950 ## - LOCAL HOLDINGS (RLIN)
-- 1
Holdings
Withdrawn status Lost status Source of classification or shelving scheme Not for loan Home library Current library Date acquired Total Checkouts Full call number Barcode Date last seen Price effective from Koha item type Total Renewals Date last checked out Checked out
    Library of Congress Classification   Kabarak, Main Campus Kabarak, Main Campus 17/12/2015   K100 .E45 2009 c. 2 19840 17/12/2015 17/12/2015 General Collection      
    Library of Congress Classification   Kabarak, Main Campus Kabarak, Main Campus 17/12/2015   K100 .E45 2009 c. 5 018850 17/12/2015 17/12/2015 General Collection      
    Library of Congress Classification   Kabarak, Main Campus Kabarak, Main Campus 17/12/2015 7 K100 .E45 2009 c. 6 018848 18/02/2025 17/12/2015 General Collection 1 03/02/2025  
    Library of Congress Classification   Kabarak, Main Campus Kabarak, Main Campus 17/12/2015 3 K100 .E45 2009 c. 4 018851 18/09/2018 17/12/2015 General Collection   17/08/2018  
    Library of Congress Classification   Kabarak, Main Campus Kabarak, Main Campus 17/12/2015 12 K100 .E45 2009 c. 7 018849 09/04/2026 17/12/2015 General Collection 1 11/02/2026  
    Library of Congress Classification   Kabarak, Main Campus Kabarak, Main Campus 17/12/2015 9 K100 .E45 2009 c. 3 19842 21/05/2024 17/12/2015 General Collection 1 21/05/2024 07/06/2024
    Library of Congress Classification   Kabarak, Main Campus Kabarak, Main Campus 17/12/2015 4 K100 .E45 2009 c. 1 19841 10/03/2026 17/12/2015 General Collection   23/02/2026  
Designed with assistance from East African Informatics Ltd